| 000 | 01286 a2200205 4500 | ||
|---|---|---|---|
| 001 | 31270 | ||
| 005 | 20260407155619.0 | ||
| 008 | 260407a1959 arg spa d | ||
| 003 | AR-UNSa-BCEJYS | ||
| 040 |
_aAR-UNSa-BCEJYS _bspa _cAR-UNSa-BCEJYS |
||
| 080 |
_a351.72 _xFinanzas públicas. Legislación (Contabilidad Pública, Administración financiera...) |
||
| 245 | 1 | 0 | _aContabilidad Pública |
| 250 | _a2a. ed | ||
| 264 | 1 |
_aBuenos Aires : _bEl Ateneo _c1959 |
|
| 300 |
_a280 p. _c23 cm. |
||
| 505 | _a1. Contabilidad pública - 2. La hacienda pública - 3. El organismo económico-administrativo del Estado - 4. El contralor con la hacienda pública - 5. El presupuesto de ejercicio - 6. Estructura del presupuesto general de la Nación - 7. Recursos del Estado - 8. Erogaciones del Estado - 9. El servicio del Tesoro - 10. Períodos y ejercicios administrativos - 11. Bienes del Estado - 12. El régimen contractual del Estado - 13. La contabilidad financiera - 14. Rendiciones de cuentas del poder administrador - 15. Juicio de cuentas a cargo del Tribunal de Cuentas - 16. La rendición de cuentas del poder administrador - 17. El Tribunal de Cuentas de la provincia de Buenos Aires | ||
| 942 | _cBK | ||
| 590 | _aniveau_biblio:m niveau_hierar:0 | ||
| 100 | 1 | _aArevalo, Alberto | |
| 999 |
_c2168 _d2168 |
||